| 000 | 01465nam a2200397 i 4500 | ||
|---|---|---|---|
| 001 | 48175 | ||
| 003 | FlNmELB | ||
| 005 | 20241216231927.0 | ||
| 006 | m o u | ||
| 007 | cr cn||||||||| | ||
| 008 | 190810s2014 sp o 000 0 spa d | ||
| 020 | _z9788497423618 | ||
| 020 | _a9788416169641 (e-book) | ||
| 035 | _a(OCoLC)1121549922 | ||
| 040 |
_aFINmELB _bspa _erda _cFINmELB |
||
| 050 | 1 | 4 |
_aPN1661 _bG859 2014 |
| 080 | _a808.1:82-2 | ||
| 082 | 0 | 4 |
_a616.891523 _223 |
| 100 | 1 | _aGrillo Torres, María Paz. | |
| 245 | 1 | 0 |
_aCompendio de teoría teatral / _cMaría Paz Grillo Torres. |
| 264 | 1 |
_aMadrid : _bBiblioteca Nueva, _c2014. |
|
| 300 | _a1 recurso en línea (205 páginas) | ||
| 336 |
_atexto _btxt _2rdacontent/spa |
||
| 337 |
_acomputadora _bc _2rdamedia/spa |
||
| 338 |
_arecurso en línea _bcr _2rdacarrier/spa |
||
| 490 | 1 | _aBiblioteca Nueva universidad. Serie Literatura | |
| 588 | _aDescripción basada en metadatos suministrados por el editor y otras fuentes. | ||
| 590 | _aRecurso electrónico. Santa Fe, Arg.: elibro, 2019. Disponible vía World Wide Web. El acceso puede estar limitado para las bibliotecas afiliadas a elibro. | ||
| 650 | 0 |
_aDrama _xTechnique. |
|
| 650 | 4 | _aTeatro. | |
| 655 | 4 | _aLibros electrónicos. | |
| 797 | 2 | _aelibro, Corp. | |
| 830 | 0 | _aBiblioteca Nueva universidad. Serie Literatura. | |
| 856 | 4 | 0 | _uhttps://elibro.net/ereader/politecnicointernacional/106777 |
| 999 |
_c48175 _d48175 |
||